LAW REPORTS OF THE COMMONWEALTH 2014 (Record no. 216283)

MARC details
000 -LEADER
fixed length control field 00504nam a22001457a 4500
008 - FIXED-LENGTH DATA ELEMENTS--GENERAL INFORMATION
fixed length control field 251125b |||||||| |||| 00| 0 eng d
020 ## - INTERNATIONAL STANDARD BOOK NUMBER
International Standard Book Number 978-1-4057-8935-6
100 ## - MAIN ENTRY--PERSONAL NAME
Personal name READ, JAMES S.
245 ## - TITLE STATEMENT
Title LAW REPORTS OF THE COMMONWEALTH 2014
260 ## - PUBLICATION, DISTRIBUTION, ETC.
Place of publication, distribution, etc. LONDON
Name of publisher, distributor, etc. LEXISNEXIS
Date of publication, distribution, etc. 2014
300 ## - PHYSICAL DESCRIPTION
Extent XXXI, 771P.
650 ## - SUBJECT ADDED ENTRY
Topical term or geographic name entry element 1. LAW REPORTS, DIGESTS, ETC- COMMONWEALTH COUNTRIESN 2. LAW, -COMMONWEALTH COUNTRIES -CASES 3. COMPARATIVE LAW - COMMONWEALTH COUNTRIES
942 ## - ADDED ENTRY ELEMENTS (KOHA)
Source of classification or shelving scheme Library of Congress Classification
Koha item type Reference
Holdings
Withdrawn status Lost status Source of classification or shelving scheme Damaged status Not for loan Collection Home library Current library Shelving location Date acquired Inventory number Total checkouts Full call number Barcode Date last seen Copy number Price effective from Koha item type
    Library of Congress Classification     Law Kisii University Library Kisii University Library On Display 11/25/2025 110086   KD 122 .L39 2014 V.2 000000002858 11/25/2025 C.1 11/25/2025 Reference
    Library of Congress Classification     Law Kisii University Library Kisii University Library On Display 11/25/2025 110087   KD 122 .L39 2014 V.2 000000002857 11/25/2025 C.2 11/25/2025 Reference
    Library of Congress Classification     Law Kisii University Library Kisii University Library On Display 11/25/2025 110087   KD 122 .L39 2014 V.2 000000002856 11/25/2025 C.3 11/25/2025 Reference